000 00696cam a22002293a 4500
001 4336
003 PGUSA
005 20140828083052.0
008 030801s2003||||xxu|||||s|||||000 | eng d
040 _aPGUSA
_beng
042 _adc
050 4 _aHB
100 1 _aMalthus, T. R.
_q(Thomas Robert),
_d1766-1834
245 1 3 _aAn Inquiry into the Nature and Progress of Rent, and the Principles by Which It is Regulated
_h[electronic resource] /
_cT. R. Malthus
260 _bProject Gutenberg,
_c2003
506 _aPublic domain in the USA.
516 _aElectronic text
653 _aRent
830 0 _aProject Gutenberg
_v4336
856 4 0 _uhttp://www.gutenberg.org/ebooks/4336
942 _cEB
999 _c233665
_d233665